Polskie miasta na literę "M" - Statystyki

Ogólne statystyki
  • Ten quiz został rozwiązany 1 239 razy
  • Średni wynik to 9 z 23
Statystyki odpowiedzi
ludność miasto % Poprawnych
37 900 Malbork
69%
74 600 Mysłowice
66%
60 000 Mielec
59%
21 300 Mrągowo
55%
41 000 Mińsk Mazowiecki
51%
18 400 Myślenice
50%
33 700 Mława
48%
32 300 Myszków
41%
17 800 Międzyrzecz
40%
41 000 Mikołów
39%
10 700 Międzychód
34%
35 500 Marki
32%
11 000 Myślibórz
31%
11 600 Miechów
30%
10 200 Mońki
30%
14 000 Morąg
30%
11 800 Mogilno
27%
11 300 Milicz
24%
10 500 Miastko
22%
16 400 Milanówek
21%
16 800 Międzyrzec Podlaski
20%
13 800 Mosina
17%
10 400 Murowana Goślina
15%
Nie znaleziono quizów pasujących do podanych kryteriów
Rozkład punktacji
Procent ludzi z każdym wynikiem
Percentyl według liczby udzielonych odpowiedzi
Twoja historia wyników
Nie rozwiązałeś tego quizu